| 000 | 00639cam a2200193 a 4500 | ||
|---|---|---|---|
| 001 | 000006526 | ||
| 005 | 20200929153939.0 | ||
| 008 | 770414s1962 sp 000 0bspa d | ||
| 040 |
_aDO-SdBNP _bspa _cBNPHU |
||
| 082 |
_a928.46 _bA323C |
||
| 100 | 1 |
_aCabezas, Juan Antonio, _d1900-1993. _918114 |
|
| 245 | 1 | 0 |
_aClarín : _bel provinciano universal / _cJuan Antonio Cabezas. |
| 260 |
_aMadrid, España : _bEspasa-Calpe, _c1962. |
||
| 300 |
_a229 p. ; _c18 cm. |
||
| 490 | 1 |
_aAustral ; _v1313. |
|
| 600 | 1 | 0 |
_aALAS, LEOPOLDO, _d1852-1901. _xBIOGRAFÍA _918115 |
| 650 | 4 |
_aAutores españoles _xBiografías _918116 |
|
| 830 | 0 |
_aAustral ; _n1313. _918117 |
|
| 999 |
_c6317 _d6317 |
||